| 000 | 01076cam a2200229 4500 | ||
|---|---|---|---|
| 001 | X113399 | ||
| 008 | 000000n2001 000 0 eng u | ||
| 035 | _a(Sirsi) u113399 | ||
| 100 | _aSeidl, A | ||
| 245 | _aDriving forces of design | ||
| 260 | _c2001 | ||
| 490 |
_aEstates Gazette _v(0125) 23 June 2001, 59-64(6) |
||
| 520 | _aFeature on the second EG Architecture Award which acknowledges developers of imaginative commercial architecture. The winner was developer Derwent Valley Holdings and architect Richard Rogers Partnership for the Broadwick House scheme, W1. Four commendations were awarded to the Argent Group for Brindleyplace, Birmingham; the Birmingham Mailbox for the Mailbox refurbishment; the Peabody Trust for its social housing schemes; and MBE Homes for Fashion and Pattern Streets, E1 and EC1. | ||
| 650 | _aBUILT ENVIRONMENT | ||
| 650 | _aARCHITECTURE AWARDS | ||
| 650 | _aARCHITECTURAL DESIGN | ||
| 650 | _aURBAN DESIGN | ||
| 650 | _aARCHITECTS | ||
| 650 | _aDEVELOPERS | ||
| 690 | _aBUILT ENVIRONMENT-CONSTRUCTION DESIGN | ||
| 942 | _n0 | ||
| 999 |
_c67561 _d67561 |
||